Postavení dopravy a přepravy v ekonomických vztazích

Pojem doprava a preprava. Chápanie, význam, charakteristika a vývoj prepravných služieb v centrálne riadených a trhových ekonomikách. Dopravca a zasielateľ na prepravnom trhu.

Guardado en:
Detalles Bibliográficos
Autor principal: Novák, Radek
Formato: Capítulo de libro
Lenguaje:checo
Materias:
Etiquetas: Agregar Etiqueta
Sin Etiquetas, Sea el primero en etiquetar este registro!

MARC

LEADER 00000naa a2200000 4500
001 r046874
005 20231003115314.2
041 0 |a cze 
044 |a CZ 
245 1 0 |a Postavení dopravy a přepravy v ekonomických vztazích  |c Radek Novák 
520 |a Pojem doprava a preprava. Chápanie, význam, charakteristika a vývoj prepravných služieb v centrálne riadených a trhových ekonomikách. Dopravca a zasielateľ na prepravnom trhu. 
610 2 0 |a doprava 
610 2 0 |a preprava 
610 2 0 |a krajiny vyspelé 
610 2 0 |a služby dopravné 
610 2 0 |a tarify dopravné 
100 1 |a Novák, Radek